000 01188nam a22002777a 4500
999 _c113785
_d113785
003 dpl
005 20181103140618.0
008 181103b ||||| |||| 00| 0 eng d
010 _aB-057342
020 _c125.00
_a8179320081
035 _aB-057342, B-057346
037 _bCen Lib/Ret
040 _aDPL
_bHN
_c0
082 _a
_bमदान
100 _aमदान, आदर्श
_953839
245 _aसाँझ का परिंदा /
_cआदर्श मदान
246 _aSaanjh ka parinda /
_bby Adarsh Madaan
260 _bसाहित्य चन्द्रिका प्रकाशन
_aजयपुर
_c2002
270 _bजयपुर
_aन्यू पिंक सिटी मार्किट, सिधेश्वर मंदिर के पीछे पंचवटी, राजापार्क
300 _a111पृ.
_c19सेमी(सजिल्द )
650 _a हिंदी साहित्य
_x
_z
_953840
650 _a हिंदी कहानियां
_92082
650 _aHindi literature
_953841
650 _aHindi stories
_953842
942 _2ddc
_cHN
_h
_mमदान